| 000 | 00463nam a2200181Ia 4500 | ||
|---|---|---|---|
| 001 | 20144 | ||
| 005 | 20260306172744.0 | ||
| 008 | 260306t1991||||xx |||||||||||||| ||spa|| | ||
| 041 | _aESP | ||
| 082 |
_a342.7 _bA93 |
||
| 100 |
_aAyasta González, Julio _eAUT |
||
| 245 | 0 | _aEl derecho comparado y los sistemas jurídicos contemporáneos | |
| 260 | _c1991 | ||
| 300 |
_a319 páginas : _c21 cm. |
||
| 650 | _aGEN | ||
| 654 | _aCDE | ||
| 942 |
_cLIB _dJUS _fJUS _2ddc _n |
||
| 999 |
_c20144 _d20144 |
||